[Event "EU-ch Rapid"]
[Site "Zagreb"]
[Date "2023.12.15"]
[Round "9"]
[White "Jusic, Zdenko"]
[Black "Danov, Lyubomir"]
[Result "1-0"]
[WhiteElo "2236"]
[BlackElo "2297"]
[PlyCount "91"]
[EventDate "2023.12.14"]
[EventType "swiss (rapid)"]
[EventRounds "11"]
[EventCountry "CRO"]
[SourceTitle "CB51_2023"]
[SourceDate "2023.12.20"]
[SourceVersion "1"]
[SourceVersionDate "2023.12.20"]
[SourceQuality "1"]

1. e4 e5 2. Nf3 Nc6 3. Bb5 a6 4. Ba4 Bc5 5. 0-0 Nge7 6. c3 Ba7 7. Qe2 0-0 8. Bb3 d6 9. h3 Be6 10. d3 Bxb3 11. axb3 f5 12. Be3 Ng6 13. exf5 Rxf5 14. Ra4 Qd7 15. Nbd2 Raf8 16. Rg4 Qf7 17. Ng5 Qe7 18. Nge4 d5 19. Ng3 R5f7 20. Bxa7 Nxa7 21. Nf3 Nc6 22. h4 Rf4 23. Rxf4 Nxf4 24. Qe3 Qf6 25. Re1 Re8 26. Ng5 h6 27. Nf3 Ng6 28. h5 Nf4 29. c4 d4 30. Qe4 Qf7 31. b4 Nxb4 32. Nxe5 Qf6 33. Ng4 Rxe4 34. Nxf6+ gxf6 35. Rxe4 Nfxd3 36. Rxd4 Nxb2 37. Nf5 Nc6 38. Rd7 a5 39. Nxh6+ Kh8 40. Rxc7 a4 41. Ng4 Kg8 42. Nxf6+ Kf8 43. h6 Ne7 44. Rxe7 Kxe7 45. h7 a3 46. Nd5+ 1-0

[Event "EU-ch Rapid"]
[Site "Zagreb"]
[Date "2023.12.14"]
[Round "4"]
[White "Jusic, Zdenko"]
[Black "Safarli, Eltaj"]
[Result "0-1"]
[WhiteElo "2236"]
[BlackElo "2609"]
[PlyCount "64"]
[EventDate "2023.12.14"]
[EventType "swiss (rapid)"]
[EventRounds "11"]
[EventCountry "CRO"]
[SourceTitle "CB51_2023"]
[SourceDate "2023.12.20"]
[SourceVersion "1"]
[SourceVersionDate "2023.12.20"]
[SourceQuality "1"]

1. e4 e5 2. Nf3 Nc6 3. Bb5 a6 4. Ba4 d6 5. Bxc6+ bxc6 6. d4 exd4 7. Qxd4 Nf6 8. c4 Be7 9. Nc3 0-0 10. h3 Nd7 11. 0-0 Bf6 12. Qd2 Re8 13. Re1 a5 14. Na4 Ne5 15. Nxe5 Bxe5 16. f4 Bf6 17. Kh2 c5 18. e5 Bh4 19. Rd1 Bf5 20. b3 dxe5 21. fxe5 Qxd2 22. Rxd2 Rxe5 23. Rd5 Rae8 24. Bf4 Rxd5 25. cxd5 Re2 26. Nxc5 h5 27. Bxc7 Rc2 28. Bd6 Bf2 29. Rf1 g6 30. Nb7 Be4 31. Bg3 Be3 32. Nd6 Bxg2 0-1

[Event "HUN-ch Rapid"]
[Site "Ajka"]
[Date "2023.07.22"]
[Round "7"]
[White "Jusic, Zdenko"]
[Black "Prohaszka, Peter"]
[Result "0-1"]
[WhiteElo "2233"]
[BlackElo "2585"]
[PlyCount "76"]
[EventDate "2023.07.21"]
[EventType "swiss (rapid)"]
[EventRounds "13"]
[EventCountry "HUN"]
[SourceTitle "CBM 215 Extra"]
[Source "ChessBase"]
[SourceDate "2023.09.30"]
[SourceVersion "1"]
[SourceVersionDate "2023.09.30"]
[SourceQuality "1"]

1. e4 c6 2. d4 d5 3. e5 Bf5 4. Nf3 e6 5. Be2 Nd7 6. b3 a5 7. a3 a4 8. c4 axb3 9. Qxb3 Qb6 10. Qxb6 Nxb6 11. cxd5 Nxd5 12. 0-0 Bxb1 13. Rxb1 Nc3 14. Rb2 Bxa3 15. Rc2 Nxe2+ 16. Rxe2 Bxc1 17. Rxc1 Ne7 18. Ng5 0-0 19. Rb2 b5 20. Ne4 Nf5 21. Rb4 Rfd8 22. g4 Rxd4 23. Rxd4 Nxd4 24. Kg2 h6 25. Rd1 Ra4 26. Nc5 Rc4 27. Nb7 c5 28. Na5 Rc3 29. Nb7 Ne2 30. Rd8+ Kh7 31. f3 Nf4+ 32. Kg3 Ng6 33. Nd6 Nxe5 34. Kf4 f6 35. Nxb5 Rxf3+ 36. Ke4 Rb3 37. Nc7 Nxg4 38. Nxe6 Re3+ 0-1

[Event "HUN-ch Rapid"]
[Site "Ajka"]
[Date "2023.07.21"]
[Round "3"]
[White "Jusic, Zdenko"]
[Black "Grigoriants, Sergey"]
[Result "0-1"]
[WhiteElo "2233"]
[BlackElo "2562"]
[PlyCount "96"]
[EventDate "2023.07.21"]
[EventType "swiss (rapid)"]
[EventRounds "13"]
[EventCountry "HUN"]
[SourceTitle "CBM 215 Extra"]
[Source "ChessBase"]
[SourceDate "2023.09.30"]
[SourceVersion "1"]
[SourceVersionDate "2023.09.30"]
[SourceQuality "1"]

1. e4 c5 2. Nf3 d6 3. c3 Nf6 4. Bd3 Nc6 5. Bc2 Bg4 6. d3 e6 7. Nbd2 Nd7 8. h3 Bh5 9. Qe2 Be7 10. g4 Bg6 11. Nf1 h5 12. Rg1 hxg4 13. hxg4 Rh3 14. Ba4 Kf8 15. Bxc6 bxc6 16. Bf4 Rb8 17. Ne3 Nb6 18. a4 Kg8 19. Kf1 e5 20. Bg3 c4 21. Kg2 cxd3 22. Qxd3 Rh7 23. Nf5 f6 24. a5 Nc8 25. Qc4+ Bf7 26. Qxc6 g6 27. Ne3 Rxb2 28. Rab1 Rxb1 29. Rxb1 Be6 30. Rb8 Bf8 31. Nd5 Rf7 32. g5 fxg5 33. Nxe5 Rh7 34. Nc4 Bd7 35. Qa6 Bh3+ 36. Kg1 Bg4 37. Kg2 Bh3+ 38. Kf3 Rf7+ 39. Ke3 Kg7 40. Rb7 Be6 41. Qc6 g4 42. Bf4 g5 43. Bg3 Ne7 44. Be5+ dxe5 45. Qxe6 Nxd5+ 46. exd5 Rxb7 47. d6 Qf6 48. Qc8 Rf7 0-1

[Event "CRO-chT2 Qual 1B Liga"]
[Site "Slavonski Brod"]
[Date "2022.11.20"]
[Round "3.5"]
[White "Mufic, Goran"]
[Black "Jusic, Zdenko"]
[Result "0-1"]
[WhiteElo "2169"]
[BlackElo "2233"]
[PlyCount "92"]
[EventDate "2022.11.18"]
[EventType "team-tourn"]
[EventRounds "3"]
[EventCountry "CRO"]
[SourceTitle "EXT 2024"]
[Source "ChessBase"]
[SourceDate "2023.10.10"]
[SourceVersion "1"]
[SourceVersionDate "2023.10.10"]
[SourceQuality "1"]
[WhiteTeam "Rijeka ASK Junior"]
[BlackTeam "Zagreb Novi"]
[WhiteTeamCountry "CRO"]
[BlackTeamCountry "CRO"]

1. d4 Nf6 2. Bf4 g6 3. e3 Bg7 4. Nf3 0-0 5. Be2 d6 6. h3 Nbd7 7. 0-0 Qe8 8. c4 e5 9. Bh2 Qe7 10. Nc3 Re8 11. b4 e4 12. Nd2 Nf8 13. Qb3 h5 14. c5 Bf5 15. cxd6 cxd6 16. Nb5 Red8 17. Rac1 Rd7 18. Nc4 Ne8 19. Nc3 Nh7 20. Nd5 Qd8 21. Rc2 Bxh3 22. Nf4 Bf5 23. Nd2 Nef6 24. Rfc1 Ng4 25. Bxg4 hxg4 26. Nf1 Bh6 27. Ne2 Nf6 28. d5 Nh5 29. Nd4 Bg7 30. Nxf5 gxf5 31. Bf4 Be5 32. g3 f6 33. Nd2 Kg7 34. Qa4 Re7 35. Kg2 Kg6 36. b5 Rh7 37. Kf1 Bxf4 38. gxf4 g3 39. Ke2 Qg8 40. Rg1 Kh6 41. Qd4 Qg4+ 42. f3 exf3+ 43. Nxf3 Re8 44. Rh1 Kg6 45. Rh4 Nxf4+ 46. Qxf4 Rxh4 0-1

[Event "CRO Topla Voda Cup"]
[Site "Tuhovec"]
[Date "2022.08.06"]
[Round "3.3"]
[White "Fijok, Velimir"]
[Black "Jusic, Zdenko"]
[Result "0-1"]
[WhiteElo "1600"]
[BlackElo "2074"]
[PlyCount "40"]
[EventDate "2022.08.06"]
[EventType "team-tourn (blitz)"]
[EventRounds "11"]
[EventCountry "CRO"]
[SourceTitle "CBM 209 Extra"]
[Source "ChessBase"]
[SourceDate "2022.09.30"]
[SourceVersion "1"]
[SourceVersionDate "2022.09.30"]
[SourceQuality "1"]
[WhiteTeam "Ludbreg"]
[BlackTeam "Novi Zagreb"]
[WhiteTeamCountry "CRO"]
[BlackTeamCountry "CRO"]

1. e4 e5 2. Nf3 d6 3. Bc4 h6 4. d4 Qf6 5. 0-0 Bg4 6. Nbd2 exd4 7. h3 Be6 8. Bxe6 fxe6 9. Qe2 e5 10. Qe1 Nc6 11. Nh2 g5 12. Ng4 Qg6 13. a3 h5 14. Nh2 Nf6 15. f3 g4 16. fxg4 hxg4 17. Rf5 gxh3 18. Qf2 Be7 19. Ndf3 Nxe4 20. Nh4 Bxh4 0-1

[Event "CRO Topla Voda Cup"]
[Site "Tuhovec"]
[Date "2022.08.06"]
[Round "1.3"]
[White "Jusic, Zdenko"]
[Black "Makovec, Bruno"]
[Result "0-1"]
[WhiteElo "2074"]
[BlackElo "2271"]
[PlyCount "99"]
[EventDate "2022.08.06"]
[EventType "team-tourn (blitz)"]
[EventRounds "11"]
[EventCountry "CRO"]
[SourceTitle "CBM 209 Extra"]
[Source "ChessBase"]
[SourceDate "2022.09.30"]
[SourceVersion "1"]
[SourceVersionDate "2022.09.30"]
[SourceQuality "1"]
[WhiteTeam "Novi Zagreb"]
[BlackTeam "Mihovljan Sloboda"]
[WhiteTeamCountry "CRO"]
[BlackTeamCountry "CRO"]

1. e4 c6 2. d4 d5 3. e5 Bf5 4. h4 h5 5. c4 e6 6. Nc3 Bb4 7. cxd5 Qxd5 8. Nge2 c5 9. Bd2 Bxc3 10. Nxc3 Qxd4 11. Nb5 Qxe5+ 12. Be2 Bd3 13. f4 Qxe2+ 14. Qxe2 Bxe2 15. Nc7+ Kd7 16. Nxa8 Bc4 17. a4 Nc6 18. a5 Nge7 19. Be3 Rxa8 20. Bxc5 Bd5 21. Kf2 Nf5 22. b4 a6 23. Rad1 Rh8 24. Rh2 Rh6 25. g3 Rg6 26. Rd3 Nce7 27. Rc3 Nd6 28. Bxd6 Kxd6 29. Kg1 Nf5 30. Rhc2 Bc6 31. Kf2 Ne7 32. Rd2+ Nd5 33. Rc5 Rh6 34. Rd4 g6 35. Re4 Rh8 36. Rd4 Rb8 37. Rc2 Bb5 38. Rc5 b6 39. Rc2 bxa5 40. bxa5 Rb7 41. g4 hxg4 42. Kg3 f5 43. h5 gxh5 44. Kh4 Rc7 45. Rf2 Rc4 46. Rxc4 Bxc4 47. Kxh5 Bd3 48. Kg5 Be4 49. Rb2 g3 50. Rb3 0-1

[Event "CRO-chT1B 29th"]
[Site "Mali Losinj"]
[Date "2021.09.26"]
[Round "2.5"]
[White "Ascic, Pero"]
[Black "Jusic, Zdenko"]
[Result "1/2-1/2"]
[WhiteElo "2289"]
[BlackElo "2250"]
[PlyCount "44"]
[EventDate "2021.09.25"]
[EventType "team-tourn"]
[EventRounds "11"]
[EventCountry "CRO"]
[SourceTitle "CBM 204 Extra"]
[Source "ChessBase"]
[SourceDate "2021.11.30"]
[SourceVersion "1"]
[SourceVersionDate "2021.11.30"]
[SourceQuality "1"]
[WhiteTeam "Djakovo Limmont"]
[BlackTeam "Pozega"]
[WhiteTeamCountry "CRO"]
[BlackTeamCountry "CRO"]

1. e4 d6 2. d4 Nf6 3. Nc3 e5 4. dxe5 dxe5 5. Qxd8+ Kxd8 6. Bc4 Be6 7. Bxe6 fxe6 8. f3 Bc5 9. Nge2 Ke7 10. Bd2 a6 11. Na4 Ba7 12. Bb4+ Kf7 13. Bc5 b6 14. Be3 Rd8 15. Rd1 Nc6 16. c3 b5 17. Bxa7 bxa4 18. Be3 Na5 19. Kf2 Rxd1 20. Rxd1 Rb8 21. Rb1 Ne8 22. Nc1 Nd6 1/2-1/2

[Event "EU-ch rapid"]
[Site "Skopje"]
[Date "2018.12.08"]
[Round "2"]
[White "Djukic, Nikola"]
[Black "Jusic, Zdenko"]
[Result "1-0"]
[WhiteElo "2574"]
[BlackElo "2259"]
[PlyCount "87"]
[EventDate "2018.12.08"]
[EventType "swiss (rapid)"]
[EventRounds "13"]
[EventCountry "MKD"]
[SourceTitle "CBM 187 Extra"]
[Source "ChessBase"]
[SourceDate "2018.11.04"]
[SourceVersion "1"]
[SourceVersionDate "2018.11.04"]
[SourceQuality "1"]

1. e4 d6 2. d4 Nf6 3. Nc3 e5 4. Nf3 exd4 5. Nxd4 Be7 6. g3 0-0 7. Bg2 Re8 8. 0-0 Bf8 9. b3 a6 10. Bb2 Ra7 11. a4 c5 12. Nde2 Nc6 13. Qd2 b5 14. axb5 axb5 15. Rxa7 Nxa7 16. f3 b4 17. Nd1 Ba6 18. Ne3 d5 19. Bxf6 Qxf6 20. Nxd5 Qd6 21. Ra1 Bxe2 22. Rxa7 Bb5 23. Bf1 c4 24. Ra1 Qc6 25. Bxc4 Bxc4 26. bxc4 Qxc4 27. Qd3 Qc5+ 28. Kg2 f5 29. exf5 h5 30. f6 Rc8 31. Ne3 gxf6 32. Qg6+ Kh8 33. Nf5 Qxc2+ 34. Kh3 Rc5 35. Qxh5+ Kg8 36. Qg6+ Kh8 37. Qxf6+ Kg8 38. Ne7+ Bxe7 39. Ra8+ Rc8 40. Qe6+ Kg7 41. Qxe7+ Kh8 42. Qf6+ Kh7 43. Qf7+ Kh8 44. Qh5+ 1-0

[Event "CRO-chT1B 27th"]
[Site "Biograd"]
[Date "2018.09.17"]
[Round "3.56"]
[White "Safar, Sandro"]
[Black "Jusic, Zdenko"]
[Result "0-1"]
[WhiteElo "2214"]
[BlackElo "2261"]
[PlyCount "120"]
[EventDate "2018.09.15"]
[EventType "team-swiss"]
[EventRounds "9"]
[EventCountry "CRO"]
[SourceTitle "CBM 186 Extra"]
[Source "ChessBase"]
[SourceDate "2018.08.24"]
[SourceVersion "1"]
[SourceVersionDate "2018.08.24"]
[SourceQuality "1"]
[WhiteTeam "Rijeka Junior"]
[BlackTeam "Bibinje Goran"]
[WhiteTeamCountry "CRO"]
[BlackTeamCountry "CRO"]

1. d4 d6 2. e4 Nf6 3. Nc3 e5 4. dxe5 dxe5 5. Qxd8+ Kxd8 6. Nf3 Bd6 7. Bc4 Ke8 8. h3 a6 9. a4 Nc6 10. Bg5 Nb4 11. 0-0-0 h6 12. Bxf6 gxf6 13. Nh4 Bc5 14. f3 Be6 15. Nd5 Nxd5 16. Bxd5 c6 17. Bb3 h5 18. g4 hxg4 19. hxg4 Rd8 20. Rxd8+ Kxd8 21. Rd1+ Kc7 22. Nf5 Rh7 23. Rd3 b5 24. axb5 axb5 25. Rd1 Bc8 26. Rf1 Ba6 27. c3 b4 28. c4 Rh3 29. Ng7 Be3+ 30. Kb1 Kb6 31. Nf5 Bc5 32. Ba2 Ka5 33. Kc2 Rh2+ 34. Kb3 Rd2 35. Bb1 Bd4 36. Nxd4 Rxd4 37. Rc1 c5 38. Rh1 Bxc4+ 39. Kc2 Rd3 40. Rh3 b3+ 41. Kc1 Rd4 42. Rh2 Bd3 43. Bxd3 Rxd3 44. Rf2 Kb4 45. f4 Rg3 46. g5 Rg1+ 47. Kd2 Rb1 48. Ke3 exf4+ 49. Kxf4 fxg5+ 50. Kxg5 Re1 51. Kf5 Rc1 52. Ke5 Rc2 53. Rxf7 Rxb2 54. Rb7+ Kc3 55. Kd5 c4 56. e5 Rd2+ 57. Kc5 Re2 58. Kd5 b2 59. e6 Re1 60. e7 Rxe7 0-1

[Event "AUT-chT2M 1718"]
[Site "Austria"]
[Date "2018.04.06"]
[Round "10.6"]
[White "Jusic, Zdenko"]
[Black "Poetz, Florian"]
[Result "1-0"]
[WhiteElo "2247"]
[BlackElo "2378"]
[PlyCount "59"]
[EventDate "2017.10.27"]
[EventType "team-tourn"]
[EventRounds "11"]
[EventCountry "AUT"]
[SourceTitle "EXT 2019"]
[Source "ChessBase"]
[SourceDate "2018.10.10"]
[SourceVersion "1"]
[SourceVersionDate "2018.10.10"]
[SourceQuality "1"]
[WhiteTeam "Graz Schachfreunde"]
[BlackTeam "Fuerstenfeld/Hartberg"]
[WhiteTeamCountry "AUT"]
[BlackTeamCountry "AUT"]

1. e4 c5 2. Nf3 e6 3. c3 Nf6 4. e5 Nd5 5. Bc4 d6 6. d4 cxd4 7. cxd4 Be7 8. 0-0 0-0 9. Qe2 b6 10. Qe4 Ba6 11. b3 dxe5 12. dxe5 Bxc4 13. bxc4 Nc7 14. Nc3 Nba6 15. Rd1 Qc8 16. Ng5 g6 17. Qh4 h5 18. g4 f5 19. gxh5 Qe8 20. Ne2 gxh5 21. Nf4 Nc5 22. f3 Rd8 23. Be3 Rd7 24. Kh1 Bxg5 25. Rg1 Rg7 26. Rxg5 Rff7 27. Nxh5 Rxg5 28. Qxg5+ Kf8 29. Qh6+ Ke7 30. Rd1 1-0

[Event "SLO-chT 27th"]
[Site "Slovenia"]
[Date "2017.10.22"]
[Round "6.4"]
[White "Jusic, Zdenko"]
[Black "Tomazini, Zan"]
[Result "1/2-1/2"]
[WhiteElo "2247"]
[BlackElo "2395"]
[PlyCount "120"]
[EventDate "2017.09.29"]
[EventType "team-tourn"]
[EventRounds "9"]
[EventCountry "SLO"]
[SourceTitle "CBM 181 Extra"]
[Source "ChessBase"]
[SourceDate "2017.12.12"]
[SourceVersion "1"]
[SourceVersionDate "2017.12.12"]
[SourceQuality "1"]
[WhiteTeam "Zagorje ob Savi"]
[BlackTeam "Slovenska Bistrica Impol"]
[WhiteTeamCountry "SLO"]
[BlackTeamCountry "SLO"]

1. e4 e5 2. Nf3 Nc6 3. Bb5 a6 4. Ba4 b5 5. Bb3 g6 6. a4 b4 7. d4 exd4 8. Nxd4 Na5 9. Bd5 c6 10. Ba2 Bg7 11. 0-0 Ne7 12. Nb3 Nb7 13. Re1 0-0 14. N1d2 d5 15. Qf3 Be6 16. Qe2 Re8 17. Nf3 dxe4 18. Qxe4 Nd5 19. Bg5 Qc7 20. Nbd4 Bd7 21. Qh4 Qd6 22. Red1 Nc5 23. Nd2 Qf8 24. Bxd5 cxd5 25. a5 Ne4 26. N2b3 Rac8 27. f3 Nxg5 28. Qxg5 Re5 29. Qg3 Qe7 30. Qf4 Re8 31. Qd2 h5 32. Rf1 h4 33. h3 Re3 34. Qf2 Bh6 35. Kh1 Bf4 36. Nc1 Bg3 37. Qd2 Be1 38. Qd1 Bg3 39. Nd3 Kh7 40. Qd2 b3 41. cxb3 Qf6 42. Nc5 Bc8 43. Ne4 Qf4 44. Nc3 Bb7 45. Rad1 Qc7 46. b4 Bf4 47. Qf2 Qe7 48. b5 axb5 49. a6 Bxa6 50. Nxd5 Qg5 51. Nxe3 Bxe3 52. f4 Qf6 53. Qe1 Re7 54. Qb4 Re4 55. Qb3 b4 56. Rf3 Qe7 57. Nc6 Qf6 58. Ne5 Be2 59. Ng4 Qf5 60. Rd5 Qe6 1/2-1/2

[Event "CRO-chT1B 26th"]
[Site "Mali Losinj"]
[Date "2017.10.05"]
[Round "8.46"]
[White "Jusic, Zdenko"]
[Black "Ciganovic, Nikola"]
[Result "1/2-1/2"]
[WhiteElo "2247"]
[BlackElo "2238"]
[PlyCount "172"]
[EventDate "2017.09.28"]
[EventType "team-tourn"]
[EventRounds "9"]
[EventCountry "CRO"]
[SourceTitle "EXT 2018"]
[Source "ChessBase"]
[SourceDate "2017.10.13"]
[SourceVersion "1"]
[SourceVersionDate "2017.10.13"]
[SourceQuality "1"]
[WhiteTeam "Bibinje Goran"]
[BlackTeam "Pula"]
[WhiteTeamCountry "CRO"]
[BlackTeamCountry "CRO"]

1. e4 e5 2. Nf3 Nc6 3. Bb5 a6 4. Ba4 Nf6 5. 0-0 b5 6. Bb3 Be7 7. Re1 0-0 8. c3 d6 9. h3 Nb8 10. d4 Nbd7 11. Nbd2 c5 12. Nf1 exd4 13. cxd4 cxd4 14. Nxd4 Ne5 15. Ng3 g6 16. Bh6 Re8 17. a4 Bb7 18. axb5 axb5 19. Rxa8 Bxa8 20. Nxb5 Qb6 21. Nd4 d5 22. exd5 Bc5 23. Nge2 Nxd5 24. Qd2 Nb4 25. Ra1 Qb7 26. Qg5 Qe4 27. Rd1 Be7 28. Qg3 Ned3 29. f3 Qh4 30. Qxh4 Bxh4 31. Kh2 Nxb2 32. Rd2 N2d3 33. Ba4 Rd8 34. Bb5 Ne5 35. Bf4 Bf6 36. Be3 Nd5 37. Bf2 Nc7 38. Ba4 Ne6 39. Rc2 Nxd4 40. Bxd4 Bxf3 41. Bb6 Ra8 42. Nc3 Nc4 43. gxf3 Nxb6 44. Bc6 Rc8 45. Ne2 Be5+ 46. Kg1 Rc7 47. Be4 Rd7 48. Rc6 Rd6 49. f4 Rxc6 50. Bxc6 Bd6 51. Kf2 Kg7 52. Kf3 Nc8 53. Be4 Ne7 54. Nd4 Bc5 55. Nb5 h5 56. Nc7 Kf8 57. Ke2 Bd6 58. Nd5 Nxd5 59. Bxd5 Bxf4 60. Kf3 Bd6 61. h4 Bb4 62. Kg3 Be1+ 63. Kh3 Ke7 64. Bb3 f5 65. Ba4 Kf6 66. Be8 f4 67. Bc6 Kf5 68. Bf3 Ke5 69. Bd1 Bf2 70. Bc2 Kf6 71. Bd3 Kg7 72. Bb5 Kh6 73. Be2 Be1 74. Bf3 Bf2 75. Bd1 Be1 76. Be2 Kg7 77. Bf3 Kf6 78. Be4 Kg7 79. Bf3 Kh6 80. Be2 Bxh4 81. Kxh4 g5+ 82. Kh3 Kg6 83. Bd1 h4 84. Kg4 Kf6 85. Bf3 Kg6 86. Be4+ Kf6 1/2-1/2

[Event "SLO-chT 27th"]
[Site "Slovenia"]
[Date "2017.10.01"]
[Round "3.1"]
[White "Jusic, Zdenko"]
[Black "Stajner, Samo"]
[Result "0-1"]
[WhiteElo "2247"]
[BlackElo "2417"]
[PlyCount "110"]
[EventDate "2017.09.29"]
[EventType "team-tourn"]
[EventRounds "9"]
[EventCountry "SLO"]
[SourceTitle "EXT 2018"]
[Source "ChessBase"]
[SourceDate "2017.10.13"]
[SourceVersion "1"]
[SourceVersionDate "2017.10.13"]
[SourceQuality "1"]
[WhiteTeam "Zagorje ob Savi"]
[BlackTeam "Krsko Triglav"]
[WhiteTeamCountry "SLO"]
[BlackTeamCountry "SLO"]

1. e4 g6 2. d4 Bg7 3. Nc3 d6 4. Bg5 a6 5. Qd2 Nd7 6. f4 h6 7. Bh4 c5 8. dxc5 Nxc5 9. Nf3 Be6 10. Nd4 Qa5 11. f5 Bd7 12. 0-0-0 Rc8 13. Kb1 g5 14. Bf2 Nf6 15. Nb3 Nxb3 16. axb3 Rxc3 17. Qxc3 Qxc3 18. bxc3 Nxe4 19. Bd4 Nxc3+ 20. Bxc3 Bxc3 21. Rd3 Be5 22. Rf3 g4 23. Rf2 Bxh2 24. Be2 Bg3 25. Rff1 Bc6 26. Rh5 Be5 27. Bxg4 Bxg2 28. Rg1 Be4 29. Be2 Kd7 30. Rg4 d5 31. Rgh4 Rg8 32. Kc1 Bc3 33. Rg4 Rxg4 34. Bxg4 Bf6 35. Kd1 Bg5 36. Rh2 Kd6 37. Bh5 f6 38. Bg4 Ke5 39. Rf2 Be3 40. Re2 Kf4 41. c3 Bd3 42. Bh3 d4 43. cxd4 Bxe2+ 44. Kxe2 Bxd4 45. Kd3 Bg1 46. b4 h5 47. Bg2 b6 48. Bb7 a5 49. bxa5 bxa5 50. Bc8 h4 51. Ke2 h3 52. Kf1 Bc5 53. Bd7 Kg3 54. Bc6 h2 55. Ke2 a4 0-1

[Event "SLO-chT 27th"]
[Site "Slovenia"]
[Date "2017.09.30"]
[Round "2.5"]
[White "Gostisa, Leon F"]
[Black "Jusic, Zdenko"]
[Result "1/2-1/2"]
[WhiteElo "2423"]
[BlackElo "2247"]
[PlyCount "61"]
[EventDate "2017.09.29"]
[EventType "team-tourn"]
[EventRounds "9"]
[EventCountry "SLO"]
[SourceTitle "EXT 2018"]
[Source "ChessBase"]
[SourceDate "2017.10.13"]
[SourceVersion "1"]
[SourceVersionDate "2017.10.13"]
[SourceQuality "1"]
[WhiteTeam "Vrhnika"]
[BlackTeam "Zagorje ob Savi"]
[WhiteTeamCountry "SLO"]
[BlackTeamCountry "SLO"]

1. d4 g6 2. Nf3 Bg7 3. c4 Nf6 4. Nc3 0-0 5. e4 d6 6. Be2 e5 7. 0-0 exd4 8. Nxd4 Re8 9. f3 Nc6 10. Be3 Nh5 11. f4 f5 12. Bxh5 gxh5 13. Nxc6 bxc6 14. Bd4 Bxd4+ 15. Qxd4 c5 16. Qd3 Rb8 17. exf5 Rxb2 18. Rae1 Bb7 19. Nd5 Bxd5 20. Qxd5+ Kh8 21. Qf3 Rf8 22. Re6 Qd7 23. Rfe1 Qg7 24. f6 Qf7 25. Re7 Qg6 26. f5 Qxf6 27. Qxh5 Qxf5 28. Qxf5 Rxf5 29. Rxc7 Re5 30. Rxe5 dxe5 31. Rxc5 1/2-1/2

[Event "Zadar op-A 23rd"]
[Site "Zadar"]
[Date "2016.12.13"]
[Round "4"]
[White "Samani, Yamac"]
[Black "Jusic, Zdenko"]
[Result "1-0"]
[WhiteElo "2265"]
[BlackElo "2257"]
[PlyCount "137"]
[EventDate "2016.12.11"]
[EventType "swiss"]
[EventRounds "9"]
[EventCountry "CRO"]
[SourceTitle "CBM 176 Extra"]
[Source "ChessBase"]
[SourceDate "2017.03.02"]
[SourceVersion "1"]
[SourceVersionDate "2017.03.02"]
[SourceQuality "1"]

1. e4 g6 2. d4 Bg7 3. Nc3 d6 4. Nf3 Nd7 5. Bc4 e6 6. Be3 Ne7 7. Qd2 h6 8. a4 a6 9. 0-0 g5 10. Ne1 d5 11. exd5 Nb6 12. Be2 Nbxd5 13. Nxd5 Qxd5 14. c3 Nf5 15. Bf3 Qd6 16. Nd3 Nh4 17. Bh5 Bd7 18. g3 Nf5 19. Bf3 Bc6 20. Bxc6+ Qxc6 21. Qe2 Qc4 22. Rfe1 0-0-0 23. Nb4 Qxe2 24. Rxe2 a5 25. Nd3 Rd5 26. Kg2 b6 27. Ne1 Bf6 28. Nc2 h5 29. h3 Be7 30. Rae1 Rg8 31. Bc1 g4 32. Re5 Rd7 33. hxg4 hxg4 34. d5 Rxd5 35. Rxd5 exd5 36. Re5 Bg5 37. Bxg5 Rxg5 38. Kg1 d4 39. cxd4 Nxd4 40. Rxg5 Nf3+ 41. Kf1 Nxg5 42. Ne3 Ne4 43. Nd5 Kb7 44. Ke2 c6 45. Ne3 Nc5 46. Nxg4 Nxa4 47. Ne5 Nxb2 48. Nxf7 a4 49. Kd2 a3 50. Kc2 Nc4 51. Kb3 b5 52. g4 b4 53. g5 Nd2+ 54. Ka2 Ka6 55. Nd6 Ka5 56. Nb7+ Ka4 57. Nc5+ Kb5 58. g6 Kxc5 59. g7 Kc4 60. g8Q+ Kc3 61. Qg7+ Kd3 62. Qd7+ Kc3 63. Qxc6+ Nc4 64. Qf3+ Kd4 65. Qb3 Kc5 66. f4 Na5 67. Qe3+ Kb5 68. Qe5+ Kb6 69. Qe6+ 1-0

[Event "Zadar op-A 23rd"]
[Site "Zadar"]
[Date "2016.12.12"]
[Round "3"]
[White "Jusic, Zdenko"]
[Black "Mesaros, Florian"]
[Result "0-1"]
[WhiteElo "2257"]
[BlackElo "2334"]
[PlyCount "103"]
[EventDate "2016.12.11"]
[EventType "swiss"]
[EventRounds "9"]
[EventCountry "CRO"]
[SourceTitle "CBM 176 Extra"]
[Source "ChessBase"]
[SourceDate "2017.03.02"]
[SourceVersion "1"]
[SourceVersionDate "2017.03.02"]
[SourceQuality "1"]

1. e4 e5 2. Nf3 Nc6 3. Bb5 a6 4. Ba4 Nf6 5. 0-0 Be7 6. Re1 b5 7. Bb3 d6 8. c3 0-0 9. h3 Bb7 10. d4 Re8 11. Ng5 Rf8 12. Nf3 Nd7 13. Nbd2 exd4 14. cxd4 Re8 15. Nf1 Na5 16. Bc2 Bf6 17. Ng3 g6 18. Bh6 c5 19. b4 cxb4 20. Qd2 Rc8 21. Re2 Rc3 22. Qf4 Nf8 23. Ng5 Bxg5 24. Qxg5 Qxg5 25. Bxg5 Rec8 26. Bd1 Ne6 27. Bh6 Nxd4 28. Rd2 R3c4 29. Be3 Nac6 30. Bg4 Re8 31. Rad1 Nc2 32. Bb6 Ne5 33. Be2 Rc6 34. f4 Rxb6 35. Rxc2 Nd7 36. e5 d5 37. Bf3 g5 38. Bxd5 gxf4 39. Bxb7 Rxb7 40. Nh5 Kf8 41. Rc6 Rxe5 42. Nxf4 a5 43. Rf1 Kg7 44. g4 Rb6 45. Nh5+ Kf8 46. Rc7 Rd6 47. Ra7 a4 48. Rb1 Rd4 49. Ra8+ Re8 50. Ra7 Re3 51. Ra8+ Re8 52. Rxe8+ 0-1

[Event "Zadar op-A 23rd"]
[Site "Zadar"]
[Date "2016.12.11"]
[Round "1"]
[White "Jusic, Zdenko"]
[Black "Djurovic, Goran"]
[Result "0-1"]
[WhiteElo "2257"]
[BlackElo "2396"]
[PlyCount "115"]
[EventDate "2016.12.11"]
[EventType "swiss"]
[EventRounds "9"]
[EventCountry "CRO"]
[SourceTitle "CBM 176 Extra"]
[Source "ChessBase"]
[SourceDate "2017.03.02"]
[SourceVersion "1"]
[SourceVersionDate "2017.03.02"]
[SourceQuality "1"]

1. e4 c5 2. Nf3 d6 3. d4 cxd4 4. Nxd4 Nf6 5. Nc3 a6 6. h3 e5 7. Nf3 h6 8. g4 Qc7 9. g5 hxg5 10. Bxg5 Nbd7 11. Qe2 b5 12. 0-0-0 Bb7 13. Nd5 Bxd5 14. exd5 Be7 15. Rg1 Kf8 16. Be3 Nb6 17. Bxb6 Qxb6 18. Ng5 Nh5 19. Kb1 Nf4 20. Qg4 g6 21. Rg3 Qxf2 22. Bd3 Bxg5 23. Rf1 Qh2 24. Qxg5 Rh5 25. Qg4 f5 26. Rxf4 exf4 27. Qxf4 Qh1+ 28. Bf1 Qxd5 29. Rd3 Qe5 30. Qb4 Qc5 31. Qd2 Rd8 32. Rg3 Kg7 33. Be2 Rh6 34. Re3 d5 35. b4 Qa7 36. Rc3 d4 37. Rc6 Qe7 38. Bd3 Rd6 39. Rc8 Rxh3 40. Bxf5 Rh1+ 41. Kb2 Qe1 42. Qxe1 Rxe1 43. Rc7+ Kf6 44. Bd3 Re7 45. Rc5 Re5 46. Bxg6 Rxc5 47. bxc5 Rc6 48. Bd3 Ke5 49. Kb3 Rxc5 50. Bh7 Rc4 51. a3 a5 52. Kb2 Kf4 53. Bd3 Rc5 54. Bg6 Ke3 55. Bd3 Kd2 56. Bg6 b4 57. axb4 Rb5 58. Ka3 0-1